Jó kilátások a jövő évre Ponyva 4 millió rubelért : Előtérben a polipropilén zsákszövet : Export a világ minden tájára
Elmentve itt :
| Dokumentumtípus: | Cikk |
|---|---|
| Megjelent: |
1969-09-09
|
| Sorozat: | Délmagyarország
59 No. 208 |
| Kulcsszavak: | Kenderipar Szeged 1969, kender-, len- és szövőipar |
| Online Access: | http://dmarchiv.bibl.u-szeged.hu/66652 |
| LEADER | 00547nab a2200145 i 4500 | ||
|---|---|---|---|
| 001 | delm66652 | ||
| 005 | 20180927153658.0 | ||
| 008 | 180927s1969 hu o 0|| hun d | ||
| 040 | |a SZTE Délmagyarország Archívum |b hun | ||
| 041 | |a hun | ||
| 245 | 0 | 0 | |a Jó kilátások a jövő évre |h [elektronikus dokumentum] : |b Ponyva 4 millió rubelért : Előtérben a polipropilén zsákszövet : Export a világ minden tájára |
| 260 | |c 1969-09-09 | ||
| 300 | |a 3 | ||
| 490 | 0 | |a Délmagyarország |v 59 No. 208 | |
| 695 | |a Kenderipar Szeged 1969, kender-, len- és szövőipar | ||